❔Devinettes de niveau intermédiaire - Statistiques

Statistiques générales
  • Ce quiz a été pris 116 fois
  • Le résultat moyen est 6 sur 15
Statistiques - réponses
Devinette Réponse % Correct
Je tombe du ciel sans jamais faire mal. Qui suis-je ? La pluie
78%
Je suis un nombre. Si tu m’enlèves la moitié, je reste le même. Quel nombre suis-je ? 0
74%
Je suis toujours avec toi, mais tu ne peux jamais me toucher. Je grandis quand il fait clair, je disparais dans le noir. Qui suis-je ? Ton ombre
73%
Je suis toujours sur la table, mais on ne me mange jamais. Qui suis-je ? Une assiette
67%
Je peux t’emmener partout dans le monde, sans jamais quitter ta main. Qui suis-je ? Un livre
62%
Je réfléchis tout ce qu’on me montre, mais je ne pense jamais. Je peux vous briser sans jamais me casser. Qui suis-je ? Un miroir
59%
J’ai des touches mais pas de doigts, une voix mais pas de bouche. Qui suis-je ? Un piano
43%
On me cherche tout le temps, je suis toujours à venir ou passé. Mais dès qu’on m’atteint, je disparais. Qui suis-je ? Le futur
35%
Je grandis quand je mange, mais si tu me donnes à boire, je meurs. Qui suis-je ? Le feu
29%
Je grossis quand je suis vide, je diminue quand je suis plein. Je n’ai ni chair, ni pâte. Qui suis-je ? La Lune
26%
Je peux avancer toute la journée, mais je reste toujours au même endroit. Qui suis-je ? Une horloge
23%
Je parle sans bouche, j’entends sans oreilles. Je n’ai personne, mais je viens quand on m’appelle. Qui suis-je ? Un écho
14%
Je suis toujours devant toi, mais tu ne peux jamais me dépasser. Qui suis-je ? L’horizon.
13%
Je commence petit, mais à mesure que je grandis, je disparais. Qui suis-je ? Une bougie
9%
On me prend, mais jamais on ne me rend. Qui suis-je ? Une photo
1%
Aucun quiz correspondant
Distribution des résultats
% des personnes avec chaque résultat
Percentile par nombre de réponses
Votre historique - résultats
Vous n’avez pas pris ce quiz